000 01252cam a2200301 4500
008 021212n2002 000 0 eng u
020 _a1899924892
035 _a(Sirsi) u120759
041 _aeng.
050 _a346.4104342
_c18
100 _aSproston, Roger
245 2 _aA straightforward guide to your rights as a private tenant
250 _a4th ed.
260 _aLondon
_bStraightforward Publishing
_c2002
300 _a110p.
_c22cm.
350 _a8.99
490 _aStraightforward Guides
520 _aA concise guide, aimed at the layperson, which clarifies the law and practice of letting and residing in private sector tenanted property. Among the issues addressed are: the legal framework governing landlord and tenant; the nature of tenancy agreements; payment of premiums and deposits to landlords and agents; repairing responsibilities; and payment of rent-rights and obligations.
650 _aTENANTS' RIGHTS
650 _aLANDLORDS OBLIGATIONS
650 _aTENANCY AGREEMENTS
650 _aREPAIRS
650 _aPRIVATE TENANTS
650 _aPUBLIC SECTOR TENANCIES
650 _aJOINT TENANCIES
690 _aPROPERTY-RESIDENTIAL PROPERTY-RESIDENTIAL LANDLORD AND TENANT-RESIDENTIAL TENANCIES
942 _n0
999 _c102560
_d102560